| 000 | 00421nam a22001577a 4500 | ||
|---|---|---|---|
| 003 | BD-DhUL | ||
| 005 | 20171121142758.0 | ||
| 008 | 171121s1312 xx ||||| |||| 00| 0 per d | ||
| 040 |
_aBD-DhUL _cBD-DhUL |
||
| 082 |
_a891.551 _bSAD |
||
| 245 | 0 | _aدیوان کامل / | |
| 260 |
_a: _bمطبعه ارمغان آبان، _c۔۱۳۱۲ |
||
| 300 |
_aص۔ ۷۵۶ _c۲۴ سم۔ |
||
| 650 | 0 | _aPersian poetry | |
| 942 |
_2ddc _cBK |
||
| 999 |
_c232305 _d232305 |
||